Vybrané otázky islamského ekonomického modelu v súčasnom svete
Gespeichert in:
| 1. Verfasser: | |
|---|---|
| Körperschaft: | |
| Weitere Verfasser: | , |
| Format: | Buch |
| Sprache: | Slowakisch |
| Veröffentlicht: |
Bratislava
Vydavateľstvo EKONÓM
2021
|
| Ausgabe: | 1. vydanie |
| Schlagworte: | |
| Tags: |
Keine Tags, Fügen Sie das erste Tag hinzu!
|
MARC
| LEADER | 00000nam a2200000 4500 | ||
|---|---|---|---|
| 001 | 0279786 | ||
| 005 | 20250925080536.2 | ||
| 020 | |a 978-80-225-4862-5 | ||
| 041 | 0 | |a slo | |
| 044 | |a SK | ||
| 245 | 1 | 0 | |a Vybrané otázky islamského ekonomického modelu v súčasnom svete |c Ľubomír Čech ; recenzenti: Hussam Musa, František Škvrnda |
| 250 | |a 1. vydanie | ||
| 264 | 1 | |a Bratislava |b Vydavateľstvo EKONÓM |c 2021 | |
| 300 | |a 167 s. [9,27 AH] | ||
| 610 | 2 | 0 | |a islam |
| 610 | 2 | 0 | |a náboženstvo |
| 610 | 2 | 0 | |a modely ekonomické |
| 610 | 2 | 0 | |a myslenie ekonomické |
| 610 | 2 | 0 | |a situácia hospodárska |
| 610 | 2 | 0 | |a moslimovia |
| 610 | 2 | 0 | |a Arabské štáty |
| 100 | 1 | |a Čech, Ľubomír, 1955- | |
| 700 | 1 | |a Musa, Hussam | |
| 700 | 1 | |a Škvrnda, František | |
| 710 | 2 | |a Ekonomická univerzita v Bratislave. Fakulta medzinárodných vzťahov | |